Manual de recomendaciones de diseño para el espacio público: abordaje ilustrado de la accesibilidad física, cognitiva y sensorial.
Збережено в:
| Автор: | |
|---|---|
| Інші автори: | , , |
| Формат: | Книга |
| Мова: | Spanish |
| Опубліковано: |
[San José, Costa Rica]
2023
|
| Предмети: | |
| Теги: |
Додати тег
Немає тегів, Будьте першим, хто поставить тег для цього запису!
|
MARC
| LEADER | 00000nam a2200000Ia 4500 | ||
|---|---|---|---|
| 003 | 013848 | ||
| 005 | 20240404110430.0 | ||
| 008 | 140114s2023 cr a 000 ||spa d | ||
| 040 | |c cru CEDI | ||
| 100 | |a Chinchilla Solano, Marcos Faret, 1990- |9 2883 | ||
| 245 | |a Manual de recomendaciones de diseño para el espacio público: abordaje ilustrado de la accesibilidad física, cognitiva y sensorial. | ||
| 260 | |a [San José, Costa Rica] |c 2023 | ||
| 500 | |a Seminario de graduación (licenciatura en arquitectura)--Universidad de Costa Rica. Facultad de Ingeniería. Escuela de Arquitectura | ||
| 501 | |a Director de Seminario de Graduación: M.Sc. . Oscar Molina Molina | ||
| 610 | 0 | |a PARQUE JOSE MARTI (OROTINA, ALAJUELA, COSTA RICA) |9 2887 | |
| 650 | |x PARQUES - PEREZ ZELEDON (SAN JOSE, COSTA RICA) |x PARQUES - SANTO DOMINGO (HEREDIA, COSTA RICA) |x ESPACIOS PUBLICOS - DISEÑO - MANUALES |x ARQUITECTURA Y PERSONAS CON DISCAPACIDADES | ||
| 700 | |a Cortés Gómez, Carolina, 1996- |9 2884 | ||
| 700 | |a Mussio Solano, Camila, 1997- |9 2886 | ||
| 700 | |a Molina Molina, Oscar Mario, 1961- |d Director del TFG |9 131 | ||
| 942 | |c TFG |h TFG 8989 |i 013848 |6 TFG_8989_013848000000000 | ||
| 999 | |c 13073 |d 13073 | ||
